Retirada de la División Camus

Saved in:
Bibliografiske detaljer
Hovedforfatter: Mandiola Gana, Carlos (autor)
Format: Bog
Sprog:spansk
Udgivet: Santiago, Chile Barcelona 1915
Udgivelse:1a. ed
Serier:Páginas de la Guerra Civil de 1891
Fag:
Tags: Tilføj Tag
Ingen Tags, Vær først til at tagge denne postø!

MARC

LEADER 00000nam a2200000 a 4500
001 UCO2064
003 CL-VaPUC
005 20220221132140.0
008 000602e19150000CL |||||||||||||||||spa|d
999 |c 288605  |d 288603 
040 |c Pontificia Universidad Católica de Valparaíso 
082 0 4 |a 983.062 MAN 1915  |2 21 
100 |a Mandiola Gana, Carlos  |e autor  |9 444773 
245 1 0 |a Retirada de la División Camus 
250 |a 1a. ed 
260 |a Santiago, Chile  |b Barcelona  |c 1915 
300 |a 598 páginas 
490 0 |a Páginas de la Guerra Civil de 1891 
500 |a El dr. Carlos Mandiola, fue cirujano del Ejército 
500 |a Fotografías de la División Camus 
583 |a last modification  |c 20000602 00:00:00  |k Rodrigo Vera 
650 7 |a HISTORIA DE CHILE  |2 CL-VaPUC  |9 328781  |y 1891 
650 7 |a GUERRA CIVIL DE 1891  |2 CL-VaPUC  |9 408173  |z CHILE 
650 0 |a Presidentes de Chile  |9 268293 
651 0 |a Desierto de Atacama  |z CHILE  |9 443691 
852 |a BIBCUR 
942 |c BK  |2 ddc 
945 |d 20000602 00:00:00  |a crobeson 
952 |0 0  |1 0  |2 ddc  |4 0  |6 983_062000000000000_MAN_1915  |7 0  |8 X  |9 336393  |a BIBHIS  |b BIBHIS  |d 2019-11-20  |i 1278088  |o 983.062 MAN 1915  |p 1278088  |r 2024-01-30  |t 1  |w 2019-11-20  |y BK_X  |k HIS 
952 |0 0  |1 0  |2 ddc  |4 0  |6 983_062000000000000_MAN_1915  |7 0  |8 X  |9 336394  |a FDOBUD  |b FDOBUD  |d 2019-11-20  |i 1031589  |o 983.062 MAN 1915  |p 1031589  |r 2019-11-20  |t 2  |w 2019-11-20  |y BK_X  |k BUD